000
00312nam a22001337a 4500
008
170613b xxu||||| |||| 00| 0 eng d
020
_a
9780321033277
041
_a
eng
080
_2
3 ED
_a
327
100
_a
19
101
_a
SHP
245
_a
UNDERSTADING INTERNATIONAL CONFLICTS
_c
NYE.S.S
942
_2
udc
_c
BK
999
_c
17136
_d
17136